00725cam a2200229 i 45000010008000000030007000080050017000150080041000320200038000730400022001110420009001330840016001421000014001582450092001722460057002642500014003212600040003353000042003756500025004176500025004426500028004671191253YEEZEN20241230145223.0240722s2024 ch ak g 000 0 chi d a9789861442570q(平裝) :cNT$430 aTWTNMbchicTWTNM anbic a4292ncsclt1 a謝孟璇10a玩美不網美 :b醫美不能說的秘密 不可不知的健康秘訣 /c謝孟璇作30a醫美不能說的秘密 不可不知的健康秘訣 a第一版 a新北市 :b商鼎數位,c2024.02 a16, 181面 :b彩圖, 表 ;c23公分 7a家庭醫學2lcstt. 7a保健常識2lcstt. 7a皮膚美容學2lcstt.